Ghana Stock Exchange Handbook.
| Format: | Book |
|---|---|
| Published: |
Accra:
The Marketing Department,
1995.
|
| Subjects: |
| LEADER | 00438cam a2200157 7i4500 | ||
|---|---|---|---|
| 001 | 0000005354 | ||
| 005 | 19991025090000.0 | ||
| 002 | ##000006983 | ||
| 020 | 0 | 0 | |a 9964-91-642-6 |
| 090 | 0 | 0 | |a GHAN 332.642 |b GHA |
| 245 | 0 | 0 | |a Ghana Stock Exchange Handbook. |
| 260 | 0 | 0 | |a Accra: |b The Marketing Department, |c 1995. |
| 300 | 0 | 0 | |a 105 p.. |
| 650 | 0 | 0 | |a Stock exchange -- |z Ghana |
| 651 | 0 | 0 | |a Ghana |
| 999 | |a 0000008207 |b Book |c Open shelf |e Business Information Centre | ||


